Organizacija moderne federalne države

Salvato in:
Dettagli Bibliografici
Autore principale: Tullock, Gordon
Natura: Libro
Lingua:serbo
Pubblicazione: Beograd Institut Ekonomskih Nauka 1992
Edizione:1. izd.
Soggetti:
Tags: Aggiungi Tag
Nessun Tag, puoi essere il primo ad aggiungerne!!

MARC

LEADER 00000nam a2200000 4500
001 c003093
005 20250701083549.8
020 |a 86-7113-065-7 
041 0 |a srp 
044 |a YU 
245 1 0 |a Organizacija moderne federalne države  |c Gordon Tullock 
250 |a 1. izd. 
264 1 |a Beograd  |b Institut Ekonomskih Nauka  |c 1992 
300 |a 203 s. 
610 2 0 |a štát 
610 2 0 |a federácia 
610 2 0 |a demokracia 
610 2 0 |a USA 
610 2 0 |a Európa 
610 2 0 |a Juhoslávia 
100 1 |a Tullock, Gordon